| 000 | 00385 a2200145 4500 | ||
|---|---|---|---|
| 001 | 169943 | ||
| 020 | _a | ||
| 040 | _cMagnum | ||
| 100 | _aAfonso, Almerindo Janela | ||
| 240 | 1 | 0 |
_aEducacao basica, democracia e cidadania: dilemas e perspectivas _lpor |
| 245 | 1 | 0 | _aEducacao basica, democracia e cidadania: dilemas e perspectivas |
| 362 | 0 | _a1899 | |
| 697 | _aGERAL | ||
| 942 | _cBK | ||
| 999 |
_c169943 _d169943 |
||